000 00398nmm a2200145Ia 4500
008 251105s9999||||xx |||||||||||||||||und||
041 _aspa
100 _aVallejo-Nagera, Maria
245 0 _aLa nodriza
264 _a[Madrid, España] :
_bEdiciones B,
_c2014
300 _a368 páginas
650 _aHistorical fiction
856 _uhttps://public.digitaliapublishing.com/a/53447
942 _cCF
999 _c105025
_d105025